[Event "Nova Gorica op 28th"]
[Site "Nova Gorica"]
[Date "2024.02.01"]
[Round "8"]
[White "Karacsonyi, Gellert"]
[Black "Gregoric, Andraz"]
[Result "1-0"]
[WhiteElo "2398"]
[BlackElo "2217"]
[PlyCount "77"]
[EventDate "2024.01.26"]
[EventType "swiss"]
[EventRounds "9"]
[EventCountry "SLO"]
[SourceTitle "CB06_2024"]
[SourceDate "2024.02.07"]
[SourceVersion "1"]
[SourceVersionDate "2024.02.07"]
[SourceQuality "1"]

1. e4 e5 2. Nf3 Nc6 3. d4 exd4 4. Bc4 Bc5 5. c3 Nf6 6. e5 d5 7. Bb5 Ne4 8. cxd4 Bb6 9. Nc3 Bg4 10. Be3 0-0 11. h3 Bh5 12. Qc2 Bg6 13. Qb3 Ne7 14. Nh4 c6 15. Nxg6 hxg6 16. Bd3 Nf5 17. Bxe4 dxe4 18. 0-0-0 Bxd4 19. Kb1 c5 20. g4 Ne7 21. Nxe4 Qa5 22. Bxd4 cxd4 23. f4 Nd5 24. f5 Nf4 25. e6 Qe5 26. exf7+ Kh8 27. Rhe1 gxf5 28. Qg3 fxe4 29. Qh4+ Nh5 30. Rxd4 Rxf7 31. Rdxe4 Qb5 32. Re5 Qd3+ 33. Ka1 Rf1 34. Rxh5+ Kg8 35. Rh8+ Kf7 36. Qh5+ Kf6 37. g5+ Kf5 38. Qf7+ Kxg5 39. Rh5# 1-0

[Event "Nova Gorica op 28th"]
[Site "Nova Gorica"]
[Date "2024.01.31"]
[Round "7"]
[White "Gregoric, Andraz"]
[Black "Orsatti, Marcello"]
[Result "1-0"]
[WhiteElo "2217"]
[BlackElo "1918"]
[PlyCount "113"]
[EventDate "2024.01.26"]
[EventType "swiss"]
[EventRounds "9"]
[EventCountry "SLO"]
[SourceTitle "CB06_2024"]
[SourceDate "2024.02.07"]
[SourceVersion "1"]
[SourceVersionDate "2024.02.07"]
[SourceQuality "1"]

1. e4 c5 2. Nf3 e6 3. b3 d5 4. exd5 exd5 5. Bb2 Nf6 6. Bb5+ Nc6 7. Qe2+ Be7 8. Bxf6 gxf6 9. Nc3 Be6 10. 0-0 Qd7 11. d4 a6 12. Bxc6 Qxc6 13. dxc5 Bxc5 14. Na4 Ba7 15. Rad1 0-0-0 16. c3 Rhg8 17. Rfe1 Bg4 18. Rd3 Bf5 19. Nd4 Bxd3 20. Nxc6 Bxe2 21. Ne7+ Kd7 22. Nxg8 Rxg8 23. Rxe2 Rc8 24. Rd2 Ke6 25. Rd3 d4 26. c4 b5 27. Nb2 Rc5 28. Kf1 Rh5 29. h3 Rf5 30. Rd2 Bb6 31. Ke2 h5 32. h4 Ba5 33. Rxd4 Re5+ 34. Kd3 Bb6 35. Rf4 Re1 36. cxb5 axb5 37. a4 Rb1 38. Kc2 Re1 39. Nd3 Rg1 40. g3 bxa4 41. Rxa4 Bc7 42. b4 Rg2 43. Kb3 Rg1 44. b5 Rb1+ 45. Kc4 Bd6 46. Ra2 Kd7 47. Rb2 Ra1 48. Rb3 Ra2 49. Kd4 Kc7 50. Ke4 Kb6 51. Kf3 Ra4 52. Nc1 Ra3 53. Rxa3 Bxa3 54. Nd3 Kxb5 55. Nf4 Kc5 56. Nxh5 f5 57. Kf4 1-0

[Event "Nova Gorica op 28th"]
[Site "Nova Gorica"]
[Date "2024.01.27"]
[Round "3"]
[White "Gregoric, Andraz"]
[Black "Goroshkov, Maksym"]
[Result "0-1"]
[WhiteElo "2217"]
[BlackElo "2338"]
[PlyCount "126"]
[EventDate "2024.01.26"]
[EventType "swiss"]
[EventRounds "9"]
[EventCountry "SLO"]
[SourceTitle "CB06_2024"]
[SourceDate "2024.02.07"]
[SourceVersion "1"]
[SourceVersionDate "2024.02.07"]
[SourceQuality "1"]

1. e4 c5 2. Nf3 e6 3. c4 Nc6 4. Nc3 Nd4 5. g3 Ne7 6. Bg2 Nec6 7. d3 g6 8. 0-0 Bg7 9. a3 0-0 10. Rb1 a5 11. Nxd4 Nxd4 12. Bd2 d6 13. b3 Bd7 14. a4 Bc6 15. Ne2 d5 16. Nxd4 Bxd4 17. Bh6 Re8 18. h4 dxe4 19. dxe4 Qc7 20. Qe2 Qxg3 21. h5 Qh4 22. Rbd1 f5 23. Rd3 Bxe4 24. Rh3 Qg4 25. Qxg4 fxg4 26. Rg3 Bxg2 27. Kxg2 gxh5 28. Rh1 e5 29. Rxh5 Ra6 30. Rxg4+ Rg6 31. Rxg6+ hxg6 32. Rh3 Re6 33. Rf3 e4 34. Rg3 Rf6 35. Be3 Kf7 36. Rh3 Ke6 37. Rh4 Ke5 38. Rh7 Bxe3 39. fxe3 Rb6 40. Rd7 Rxb3 41. Rd5+ Kf6 42. Rxc5 b6 43. Rd5 Rxe3 44. c5 Rd3 45. Rxd3 exd3 46. cxb6 d2 47. b7 d1Q 48. b8Q Qg4+ 49. Kf2 Qf5+ 50. Kg2 Ke6 51. Qb6+ Ke7 52. Qc7+ Ke8 53. Qc6+ Kf8 54. Qa8+ Kg7 55. Qb7+ Kh6 56. Qb5 Kh5 57. Kg3 Kg5 58. Kg2 Kf4 59. Qb3 Ke5 60. Qc3+ Kd6 61. Qa3+ Kd5 62. Qb3+ Kd4 63. Kh1 Qd5+ 0-1

[Event "Trieste op 25th"]
[Site "Trieste"]
[Date "2023.09.05"]
[Round "5"]
[White "Pfreundt, Jakob"]
[Black "Gregoric, Andraz"]
[Result "1-0"]
[WhiteElo "2448"]
[BlackElo "2177"]
[PlyCount "72"]
[EventDate "2023.09.02"]
[EventType "swiss"]
[EventRounds "9"]
[EventCountry "ITA"]
[SourceTitle "EXT 2024"]
[Source "ChessBase"]
[SourceDate "2023.10.10"]
[SourceVersion "1"]
[SourceVersionDate "2023.10.10"]
[SourceQuality "1"]

1. d4 Nf6 2. Nf3 e6 3. c4 Bb4+ 4. Nbd2 b6 5. a3 Be7 6. e4 d6 7. Bd3 c5 8. d5 e5 9. h3 Nh5 10. g3 g6 11. Nb1 h6 12. Nc3 Nd7 13. Be3 Nf8 14. Bc2 f6 15. Nh4 Ng7 16. Qd2 f5 17. Bxh6 Nh5 18. exf5 Bxh4 19. gxh4 Bxf5 20. Bg5 Qc7 21. Ba4+ Kf7 22. Bc6 Rc8 23. Nb5 Qb8 24. f4 Ng3 25. fxe5 dxe5 26. Rg1 Ne4 27. Qe3 Nh7 28. Bd7 Bxd7 29. Qxe4 Bf5 30. Qf3 a6 31. h5 Nxg5 32. Rxg5 axb5 33. hxg6+ Kg7 34. Rxf5 Rcf8 35. Rf7+ Kxg6 36. 0-0-0 Qd8 1-0

[Event "Belgrade Serbia op"]
[Site "Belgrade"]
[Date "2023.07.21"]
[Round "6"]
[White "Krassel, Timofei"]
[Black "Gregoric, Andraz"]
[Result "1/2-1/2"]
[WhiteElo "1923"]
[BlackElo "2276"]
[PlyCount "99"]
[EventDate "2023.07.16"]
[EventType "swiss"]
[EventRounds "9"]
[EventCountry "SRB"]
[SourceTitle "CBM 215 Extra"]
[Source "ChessBase"]
[SourceDate "2023.09.30"]
[SourceVersion "1"]
[SourceVersionDate "2023.09.30"]
[SourceQuality "1"]

1. e4 e5 2. Nf3 Nc6 3. Bc4 Bc5 4. c3 Nf6 5. d3 d6 6. 0-0 a5 7. Re1 0-0 8. h3 h6 9. Nbd2 Ba7 10. Nf1 Ne7 11. d4 Ng6 12. Ng3 Nh7 13. Be3 Ng5 14. Nh2 Ne6 15. Ng4 Re8 16. Nf5 h5 17. Bxe6 Bxe6 18. Nh2 exd4 19. cxd4 d5 20. Qxh5 dxe4 21. Bg5 f6 22. Nxg7 fxg5 23. Nxe8 Qxe8 24. Rxe4 Qf7 25. Ng4 Bxg4 26. Rxg4 Kg7 27. Qxg5 Qf6 28. Qd2 Rd8 29. Rd1 Rd5 30. h4 Kh7 31. Qd3 Qf5 32. Qg3 Rd7 33. Rd3 c5 34. Rg5 Qe4 35. h5 Nf4 36. Qg4 Ne2+ 37. Kh2 Qxg4 38. Rxg4 cxd4 39. a3 Rf7 40. f3 Rc7 41. Rd2 Nc1 42. Rgxd4 Bxd4 43. Rxd4 Ne2 44. Rd2 Nf4 45. g4 Kh6 46. Kg3 Kg5 47. h6 Re7 48. Rh2 Ne2+ 49. Kf2 Nf4 50. Kg3 1/2-1/2

[Event "Belgrade Serbia op"]
[Site "Belgrade"]
[Date "2023.07.16"]
[Round "1"]
[White "Gregoric, Andraz"]
[Black "Bryakin, Mikhail"]
[Result "0-1"]
[WhiteElo "2276"]
[BlackElo "2454"]
[PlyCount "50"]
[EventDate "2023.07.16"]
[EventType "swiss"]
[EventRounds "9"]
[EventCountry "SRB"]
[SourceTitle "CBM 215 Extra"]
[Source "ChessBase"]
[SourceDate "2023.09.30"]
[SourceVersion "1"]
[SourceVersionDate "2023.09.30"]
[SourceQuality "1"]

1. e4 c5 2. Nf3 Nf6 3. Nc3 d5 4. exd5 Nxd5 5. Nxd5 Qxd5 6. b3 Nc6 7. Bc4 Qe4+ 8. Qe2 Qxe2+ 9. Bxe2 e5 10. Bb2 f6 11. 0-0-0 Be6 12. Bb5 Rc8 13. Rhe1 a6 14. Bf1 Kf7 15. Kb1 Be7 16. c3 Rhd8 17. d3 b5 18. h3 h5 19. h4 Rc7 20. Ka1 Rcd7 21. Re4 Bf5 22. Re3 e4 23. Ne1 exd3 24. f4 c4 25. b4 d2 0-1

[Event "Nova Gorica op 27th"]
[Site "Nova Gorica"]
[Date "2023.03.19"]
[Round "4"]
[White "Davies, Nigel Rodney"]
[Black "Gregoric, Andraz"]
[Result "1/2-1/2"]
[WhiteElo "2380"]
[BlackElo "2206"]
[PlyCount "35"]
[EventDate "2023.03.16"]
[EventType "swiss"]
[EventRounds "9"]
[EventCountry "SLO"]
[SourceTitle "CBM 213 Extra"]
[Source "ChessBase"]
[SourceDate "2023.05.31"]
[SourceVersion "1"]
[SourceVersionDate "2023.05.31"]
[SourceQuality "1"]

1. Nf3 Nf6 2. g3 g6 3. Bg2 Bg7 4. 0-0 0-0 5. d4 d6 6. b3 c6 7. Bb2 Qa5 8. Nbd2 Qh5 9. e4 Bh3 10. Nh4 Bxg2 11. Kxg2 c5 12. e5 Qxd1 13. Raxd1 Nfd7 14. exd6 exd6 15. Nc4 d5 16. Ne3 Nc6 17. Nf3 Rfd8 18. Nxd5 1/2-1/2

[Event "Nova Gorica op-A 26th"]
[Site "Nova Gorica"]
[Date "2022.09.22"]
[Round "9"]
[White "Gregoric, Andraz"]
[Black "Walker, Samuel A"]
[Result "1-0"]
[WhiteElo "2182"]
[BlackElo "2028"]
[PlyCount "83"]
[EventDate "2022.09.16"]
[EventType "swiss"]
[EventRounds "9"]
[EventCountry "SLO"]
[SourceTitle "CBM 210 Extra"]
[Source "ChessBase"]
[SourceDate "2022.11.30"]
[SourceVersion "1"]
[SourceVersionDate "2022.11.30"]
[SourceQuality "1"]

1. e4 c5 2. Nf3 Nc6 3. Bb5 g6 4. Bxc6 dxc6 5. d3 Bg7 6. h3 Qc7 7. a4 a5 8. 0-0 e5 9. Na3 Ne7 10. Be3 b6 11. Qd2 h6 12. Nc4 Be6 13. Qc3 f6 14. Qa3 f5 15. exf5 gxf5 16. Rfe1 Bxc4 17. dxc4 e4 18. Nh2 Be5 19. Nf1 Rg8 20. Bxh6 Rg6 21. Qe3 0-0-0 22. h4 Rdg8 23. Bg5 Rxg5 24. hxg5 Rh8 25. g3 Ng6 26. c3 Qh7 27. f4 Qh1+ 28. Kf2 Bd4 29. cxd4 cxd4 30. Qb3 Nxf4 31. gxf4 Rh3 32. Qxh3 Qxh3 33. Ra3 d3 34. Re3 Qh4+ 35. Kg1 Qxf4 36. g6 Qe5 37. Raxd3 f4 38. Rg3 Qg7 39. Rc3 Kd7 40. Rg4 Ke6 41. Rxf4 Ke5 42. Rg4 1-0

[Event "Nova Gorica op-A 26th"]
[Site "Nova Gorica"]
[Date "2022.09.20"]
[Round "7"]
[White "Gregoric, Andraz"]
[Black "Oestmann, Lukas"]
[Result "1-0"]
[WhiteElo "2182"]
[BlackElo "1620"]
[PlyCount "87"]
[EventDate "2022.09.16"]
[EventType "swiss"]
[EventRounds "9"]
[EventCountry "SLO"]
[SourceTitle "CBM 210 Extra"]
[Source "ChessBase"]
[SourceDate "2022.11.30"]
[SourceVersion "1"]
[SourceVersionDate "2022.11.30"]
[SourceQuality "1"]

1. e4 c5 2. b3 e5 3. Bb2 d6 4. Bc4 Nf6 5. d3 Be7 6. f4 Nbd7 7. Nf3 exf4 8. 0-0 0-0 9. Qd2 Nb6 10. Qxf4 d5 11. exd5 Nbxd5 12. Qd2 Ng4 13. Bxd5 Qxd5 14. Nc3 Qh5 15. h3 Nh6 16. Ne4 f5 17. Qc3 Qg6 18. Ne5 Bf6 19. Nxf6+ Qxf6 20. Qxc5 Be6 21. c4 Nf7 22. Rae1 Nxe5 23. Qxe5 Qxe5 24. Rxe5 Rae8 25. Ba3 Bd7 26. Ra5 Rf6 27. Rxa7 Ra6 28. Rxa6 bxa6 29. Kf2 g5 30. d4 f4 31. Rd1 Re3 32. d5 Kf7 33. c5 Bb5 34. c6 Re2+ 35. Kg1 Rxa2 36. Bc5 Rc2 37. b4 Re2 38. d6 Bxc6 39. d7 Rxg2+ 40. Kf1 f3 41. d8Q Bb5+ 42. Rd3 Rd2 43. Qc7+ Kg6 44. Qb6+ 1-0

[Event "Nova Gorica op-A 26th"]
[Site "Nova Gorica"]
[Date "2022.09.16"]
[Round "1"]
[White "Gregoric, Andraz"]
[Black "Drazic, Sinisa"]
[Result "0-1"]
[WhiteElo "2182"]
[BlackElo "2327"]
[PlyCount "48"]
[EventDate "2022.09.16"]
[EventType "swiss"]
[EventRounds "9"]
[EventCountry "SLO"]
[SourceTitle "CBM 210 Extra"]
[Source "ChessBase"]
[SourceDate "2022.11.30"]
[SourceVersion "1"]
[SourceVersionDate "2022.11.30"]
[SourceQuality "1"]

1. e4 e6 2. d4 d5 3. Nd2 Be7 4. Bd3 c5 5. dxc5 Nd7 6. Nb3 dxe4 7. Bxe4 Ngf6 8. Bf3 Qc7 9. Ne2 Nxc5 10. Nxc5 Bxc5 11. 0-0 Bd7 12. Bd2 Rd8 13. Bc3 h5 14. Qc1 Ng4 15. g3 e5 16. h3 Bc6 17. Bxc6+ Qxc6 18. Qg5 Qf3 19. Be1 Be7 20. Qc1 h4 21. c4 Qxe2 22. hxg4 hxg3 23. c5 Rh1+ 24. Kxh1 Qxf1# 0-1

[Event "EU-chT U18"]
[Site "Thessaloniki"]
[Date "2022.07.18"]
[Round "7.5"]
[White "Borrmann, Laurenz"]
[Black "Gregoric, Andraz"]
[Result "1-0"]
[WhiteElo "2274"]
[BlackElo "2199"]
[PlyCount "151"]
[EventDate "2022.07.12"]
[EventType "team-swiss"]
[EventRounds "7"]
[EventCountry "GRE"]
[SourceTitle "CBM 209 Extra"]
[Source "ChessBase"]
[SourceDate "2022.09.30"]
[SourceVersion "1"]
[SourceVersionDate "2022.09.30"]
[SourceQuality "1"]
[WhiteTeam "Austria U18"]
[BlackTeam "Slovenia U18 II"]
[WhiteTeamCountry "AUT"]
[BlackTeamCountry "SLO"]

1. e4 e5 2. Nf3 Nc6 3. Bc4 Bc5 4. d3 Nf6 5. a4 a5 6. 0-0 d6 7. h3 0-0 8. Bg5 h6 9. Be3 Ba7 10. Nbd2 Ne7 11. Bxa7 Rxa7 12. d4 Ng6 13. Re1 Qe7 14. Bf1 Rd8 15. Nc4 Nh7 16. Qd2 Ng5 17. Nxg5 Qxg5 18. Rad1 Be6 19. dxe5 Bxc4 20. Bxc4 Nxe5 21. Be2 Qxd2 22. Rxd2 g5 23. f3 Kf8 24. Kf2 Ke7 25. Rh1 Raa8 26. h4 Rh8 27. Rdd1 Ng6 28. hxg5 hxg5 29. Rxh8 Rxh8 30. Rd5 b6 31. Rxg5 Rh1 32. Bf1 Nf4 33. Rf5 Ne6 34. Rd5 Nf4 35. Rd1 Kf6 36. g3 Ne6 37. Kg2 Rh8 38. Bc4 Nc5 39. b3 Rh5 40. Rh1 Rxh1 41. Kxh1 Kg6 42. Kg2 f6 43. Bd5 Na6 44. c3 Nc5 45. Kf2 Nd3+ 46. Ke3 Ne5 47. f4 Nd7 48. Kd4 Nb8 49. b4 c6 50. Be6 Na6 51. Bc8 Nc7 52. e5 fxe5+ 53. fxe5 c5+ 54. bxc5 dxc5+ 55. Ke4 b5 56. axb5 Nxb5 57. Kd3 a4 58. Be6 a3 59. Kc2 Nc7 60. Bc4 Kf5 61. e6 Kf6 62. Kb3 Ne8 63. Kxa3 Nd6 64. Bd5 Nf5 65. Ka4 Ke7 66. Kb5 Nxg3 67. Kxc5 Nf5 68. c4 Nd6 69. Kc6 Ne8 70. c5 Kd8 71. Kb7 Ke7 72. c6 Kd6 73. Ba2 Nc7 74. e7 Ne8 75. Bf7 Kxe7 76. Bxe8 1-0

[Event "EU-chT U18"]
[Site "Thessaloniki"]
[Date "2022.07.16"]
[Round "5.6"]
[White "Nareks, Matic"]
[Black "Gregoric, Andraz"]
[Result "1-0"]
[WhiteElo "2221"]
[BlackElo "2199"]
[PlyCount "111"]
[EventDate "2022.07.12"]
[EventType "team-swiss"]
[EventRounds "7"]
[EventCountry "GRE"]
[SourceTitle "CBM 209 Extra"]
[Source "ChessBase"]
[SourceDate "2022.09.30"]
[SourceVersion "1"]
[SourceVersionDate "2022.09.30"]
[SourceQuality "1"]
[WhiteTeam "Slovenia U18"]
[BlackTeam "Slovenia U18 II"]
[WhiteTeamCountry "SLO"]
[BlackTeamCountry "SLO"]

1. e4 e5 2. Bc4 Nc6 3. Nf3 Bc5 4. 0-0 Nf6 5. d3 d6 6. c3 a5 7. Nbd2 0-0 8. h3 h6 9. Re1 Ba7 10. a4 Ne7 11. Nf1 Be6 12. Bb3 Ng6 13. Ng3 Nh7 14. Bc2 Ng5 15. Be3 Qf6 16. Nxg5 hxg5 17. Qd2 Nf4 18. Bd1 g6 19. Nf1 Kg7 20. Nh2 Rh8 21. Ng4 Qe7 22. d4 f5 23. exf5 gxf5 24. Bxf4 gxf4 25. Nxe5 dxe5 26. Rxe5 Qf6 27. Bf3 c6 28. Rxa5 Bb6 29. Rxa8 Rxa8 30. Qxf4 Rc8 31. b4 Bc7 32. Qe3 Bc4 33. Re1 Bd6 34. Be2 Bf7 35. Qd2 Rg8 36. b5 Kf8 37. Bf3 Bd5 38. Bxd5 cxd5 39. Qe3 f4 40. Qf3 Qf5 41. a5 Rg7 42. a6 bxa6 43. bxa6 Ra7 44. Ra1 Bb8 45. Ra5 Qb1+ 46. Kh2 Qe4 47. Rxd5 Qxf3 48. gxf3 Ke7 49. Ra5 Ke6 50. c4 Rc7 51. Re5+ Kd6 52. c5+ Kc6 53. Re6+ Kd5 54. Rd6+ Kc4 55. Rd8 Ba7 56. h4 1-0

[Event "EU-chT U18"]
[Site "Thessaloniki"]
[Date "2022.07.12"]
[Round "1.4"]
[White "Gregoric, Andraz"]
[Black "Palczert, Matyas"]
[Result "1/2-1/2"]
[WhiteElo "2199"]
[BlackElo "2321"]
[PlyCount "82"]
[EventDate "2022.07.12"]
[EventType "team-swiss"]
[EventRounds "7"]
[EventCountry "GRE"]
[SourceTitle "CBM 209 Extra"]
[Source "ChessBase"]
[SourceDate "2022.09.30"]
[SourceVersion "1"]
[SourceVersionDate "2022.09.30"]
[SourceQuality "1"]
[WhiteTeam "Slovenia U18 II"]
[BlackTeam "Hungary U18"]
[WhiteTeamCountry "SLO"]
[BlackTeamCountry "HUN"]

1. e4 c5 2. Nf3 d6 3. c3 Nf6 4. h3 Nc6 5. Bd3 e5 6. Bc2 Qc7 7. 0-0 Be7 8. Qe2 0-0 9. Na3 a6 10. Nc4 Be6 11. Rd1 Nh5 12. d4 cxd4 13. cxd4 Nxd4 14. Nxd4 exd4 15. Rxd4 Nf6 16. Bf4 Rac8 17. Ne3 Nd7 18. Rad1 Ne5 19. Bb3 Rfd8 20. Nd5 Bxd5 21. Rxd5 Bf6 22. Qd2 h6 23. Rxd6 Rxd6 24. Qxd6 Qxd6 25. Rxd6 Nc4 26. Bxc4 Rxc4 27. e5 Rxf4 28. exf6 Rb4 29. b3 g5 30. Rd7 a5 31. g3 a4 32. bxa4 Rxa4 33. Rxb7 Rxa2 34. Rb6 Kh7 35. Kg2 Kg6 36. Rc6 Ra5 37. Rb6 Rf5 38. Rb4 Rxf6 39. Ra4 Rb6 40. Ra5 f5 41. Rc5 Ra6 1/2-1/2

[Event "Wch U16 blitz"]
[Site "Rhodes"]
[Date "2022.05.03"]
[Round "7"]
[White "Garner, Isaac"]
[Black "Gregoric, Andraz"]
[Result "1-0"]
[WhiteElo "2283"]
[BlackElo "1948"]
[PlyCount "49"]
[EventDate "2022.05.03"]
[EventType "swiss (blitz)"]
[EventRounds "9"]
[EventCountry "GRE"]
[SourceTitle "CBM 208 Extra"]
[Source "ChessBase"]
[SourceDate "2022.07.31"]
[SourceVersion "1"]
[SourceVersionDate "2022.07.31"]
[SourceQuality "1"]

1. e4 e5 2. Nf3 Nc6 3. Bc4 Bc5 4. c3 Nf6 5. d4 exd4 6. b4 Bb6 7. e5 d5 8. exf6 dxc4 9. Qe2+ Be6 10. b5 d3 11. Qe4 Na5 12. fxg7 Rg8 13. Bg5 Qd5 14. Qxh7 Kd7 15. 0-0 Bg4 16. Nbd2 Rae8 17. Rfe1 Qf5 18. Re7+ Rxe7 19. Qxg8 Bxf2+ 20. Kh1 Bxf3 21. Nxf3 d2 22. Bxe7 Qc2 23. Qd8+ Ke6 24. Qxd2 Qxd2 25. Nxd2 1-0

[Event "Wch U16 blitz"]
[Site "Rhodes"]
[Date "2022.05.03"]
[Round "2"]
[White "Gregoric, Andraz"]
[Black "Olenik Campa, Rudi"]
[Result "1-0"]
[WhiteElo "1948"]
[BlackElo "2076"]
[PlyCount "65"]
[EventDate "2022.05.03"]
[EventType "swiss (blitz)"]
[EventRounds "9"]
[EventCountry "GRE"]
[SourceTitle "CBM 208 Extra"]
[Source "ChessBase"]
[SourceDate "2022.07.31"]
[SourceVersion "1"]
[SourceVersionDate "2022.07.31"]
[SourceQuality "1"]

1. e4 c5 2. b3 Nc6 3. Bb2 e6 4. d3 d6 5. Nd2 e5 6. g3 g6 7. Bg2 Bg7 8. Ne2 f5 9. 0-0 Nf6 10. h3 0-0 11. f4 Be6 12. exf5 Bxf5 13. fxe5 dxe5 14. Nc4 Nd5 15. Nc3 Nxc3 16. Bxc3 Qd7 17. Kh2 Nd4 18. Qd2 Rae8 19. Rae1 b5 20. Ne3 Be6 21. Bb2 Qd6 22. c3 Nf5 23. c4 Nxg3 24. Kxg3 e4+ 25. Kh4 g5+ 26. Kxg5 Bd7 27. Bxg7 Qg6+ 28. Kh4 Kxg7 29. Ng4 Qd6 30. Bxe4 Rxf1 31. Rxf1 Kh8 32. Qf4 Qe7+ 33. Qf6+ 1-0

[Event "Wch U16 blitz"]
[Site "Rhodes"]
[Date "2022.05.03"]
[Round "4"]
[White "Gregoric, Andraz"]
[Black "Trushko, Andrii"]
[Result "0-1"]
[WhiteElo "1948"]
[BlackElo "2222"]
[PlyCount "81"]
[EventDate "2022.05.03"]
[EventType "swiss (blitz)"]
[EventRounds "9"]
[EventCountry "GRE"]
[SourceTitle "CBM 208 Extra"]
[Source "ChessBase"]
[SourceDate "2022.07.31"]
[SourceVersion "1"]
[SourceVersionDate "2022.07.31"]
[SourceQuality "1"]

1. e4 c6 2. Nf3 d5 3. d3 d4 4. g3 c5 5. Bg2 Nc6 6. 0-0 e5 7. a4 Bd6 8. h3 f6 9. Na3 Be6 10. Ne1 Nge7 11. f4 Qd7 12. f5 Bf7 13. Bd2 a5 14. Nf3 Nb4 15. Qe2 Nc8 16. b3 Na7 17. Bxb4 cxb4 18. Nc4 Bxc4 19. dxc4 0-0-0 20. Rad1 Kb8 21. Rd3 Bc5 22. Kf2 Rdg8 23. Ke1 Nc8 24. Nh4 b6 25. Rg1 Be7 26. Bf1 Nd6 27. g4 Qc6 28. Bg2 Nb7 29. Bh1 Nc5 30. Qf3 Nxd3+ 31. cxd3 Qe8 32. Bg2 g5 33. Bf1 gxh4 34. Be2 h5 35. Qf2 hxg4 36. Bxg4 Bf8 37. Qc2 Qe7 38. Rg2 Bh6 39. Qe2 Bf4 40. Qc2 Rg5 41. Rg1 0-1

[Event "Wch U16 rapid"]
[Site "Rhodes"]
[Date "2022.05.01"]
[Round "1"]
[White "Gregoric, Andraz"]
[Black "Petrovskiy, Vadim"]
[Result "0-1"]
[WhiteElo "1860"]
[BlackElo "2347"]
[PlyCount "44"]
[EventDate "2022.05.01"]
[EventType "swiss (rapid)"]
[EventRounds "9"]
[EventCountry "GRE"]
[SourceTitle "CBM 208 Extra"]
[Source "ChessBase"]
[SourceDate "2022.07.31"]
[SourceVersion "1"]
[SourceVersionDate "2022.07.31"]
[SourceQuality "1"]

1. e4 c5 2. Nf3 d6 3. c3 Nf6 4. h3 g6 5. Bd3 Bg7 6. Bc2 0-0 7. 0-0 Nc6 8. a3 e5 9. d4 cxd4 10. cxd4 exd4 11. Nxd4 Nxd4 12. Qxd4 Re8 13. Qa4 Bd7 14. Qb4 Bc6 15. f3 d5 16. exd5 Nxd5 17. Qb3 Ne3 18. Bxe3 Rxe3 19. Qxe3 Bd4 20. Qf2 Bb5 21. Kh1 Bxf2 22. Rxf2 Qd4 0-1

[Event "Bassano del Grappa Mix IM 1st"]
[Site "Bassano del Grappa"]
[Date "2021.03.21"]
[Round "9"]
[White "Gregoric, Andraz"]
[Black "Bernadskiy, Vitaliy"]
[Result "0-1"]
[WhiteElo "2114"]
[BlackElo "2599"]
[PlyCount "74"]
[EventDate "2021.03.17"]
[EventType "tourn"]
[EventRounds "9"]
[EventCountry "ITA"]
[SourceTitle "CBM 201 Extra"]
[Source "ChessBase"]
[SourceDate "2021.05.31"]
[SourceVersion "1"]
[SourceVersionDate "2021.05.31"]
[SourceQuality "1"]

1. e4 c6 2. d4 d5 3. exd5 cxd5 4. Bf4 Nc6 5. c3 Nf6 6. Bd3 Bg4 7. Qb3 Qc8 8. Nd2 e6 9. h3 Bh5 10. Ngf3 Be7 11. 0-0 0-0 12. Rfe1 Nd7 13. Re3 a6 14. Rae1 b5 15. Qd1 Qd8 16. Qe2 Bg6 17. Bxg6 hxg6 18. Rxe6 fxe6 19. Qxe6+ Kh8 20. Qxc6 Rc8 21. Qxa6 b4 22. Ne5 Nxe5 23. Bxe5 Bf6 24. Qd3 bxc3 25. bxc3 Kh7 26. Nf3 Qd7 27. Rb1 Ra8 28. Qd2 Ra7 29. Rb6 Qf5 30. Bd6 Rfa8 31. a3 Ra6 32. Rxa6 Rxa6 33. Bc5 Re6 34. Ne5 Bg5 35. Qe2 Bf4 36. h4 Qb1+ 37. Qf1 Bh2+ 0-1